The Theory of Groups : An Introduction /
Đã lưu trong:
| 主要作者: | |
|---|---|
| 格式: | Sách giấy |
| 語言: | English |
| 出版: |
Boston :
Allyn and Bacon ,
1965
|
| 標簽: |
添加標簽
沒有標簽, 成為第一個標記此記錄!
|
| Thư viện lưu trữ: | Thư viện Trường Đại học Đà Lạt |
|---|
| LEADER | 00575nam a2200241 4500 | ||
|---|---|---|---|
| 001 | DLU020011227 | ||
| 005 | ##12/28/1999 | ||
| 041 | # | # | |a eng |
| 082 | # | # | |a 512.2 |b RO-J |
| 090 | # | # | |a 512.2 |b RO-J |
| 100 | # | # | |a Rotman, Joseph J. |
| 245 | # | # | |a The Theory of Groups : |b An Introduction / |c Rotman Joseph J. |
| 260 | # | # | |a Boston : |b Allyn and Bacon , |c 1965 |
| 300 | # | # | |a X, 301 tr.; |c 23 cm. |
| 992 | # | # | |a 6000 |
| 994 | # | # | |a DLU |
| 900 | # | # | |a False |
| 911 | # | # | |a Administrator |
| 925 | # | # | |a G |
| 926 | # | # | |a A |
| 927 | # | # | |a SH |
| 980 | # | # | |a Thư viện Trường Đại học Đà Lạt |